[Event "Høstturneringen 2010"]
[Site "Ås, Akershus NOR"]
[Date "2010.09.16"]
[Round "1"]
[White "Furnes, Torstein"]
[Black "Stensland, Martin"]
[Result "1-0"]
[WhiteElo "1551"]
[BlackElo "1162"]
[PlyCount "29"]
[EventDate "2010.09.02"]

1. d4 d5 2. c4 dxc4 3. e4 e6 4. Bxc4 a6 5. Nf3 h6 6. O-O Nf6 7. Nc3 Be7 8. Bf4
O-O 9. Rc1 c6 10. e5 Nd5 11. Nxd5 cxd5 12. Bd3 Bd7 13. Bb1 Bb4 14. Qc2 Nc6 15.
Qh7# 1-0

[Event "Høstturneringen 2010"]
[Site "Ås, Akershus NOR"]
[Date "2010.09.16"]
[Round "2"]
[White "Lea, Per"]
[Black "Bakken, Svein-Erik"]
[Result "0-1"]
[WhiteElo "1569"]
[BlackElo "1381"]
[Annotator "Lea,Per"]
[PlyCount "56"]
[EventDate "2010.09.02"]

{Tid for revansj! Mitt første tap mot Svein-Erik i et langparti kom et snaut
halvår tidligere, etter at jeg med bonde over overså at jeg kunne vinne enda
en, og ble deretter kombinert i senk med enkle, men akk så effektive midler.} 
1. e4 c5 2. Nf3 Nc6 3. d4 cxd4 4. Nxd4 a6 {Et trekk jeg stadig har problemer
mot. Skal jeg spille fram c-bonden før jeg spiller springeren til c3, eller
skal jeg la bonden bli stående på c2. I det første tilfellet er det tvilsomt
med lang rokade, og etter kort rokade har jeg flere ganger gått på trynet
etter et f2-f4, springerbytte på d4, jeg slår igjen med madamen og gir opp
etter at svart får plassert en gardert løper på c5.} 5. Nc3 e6 6. Be3 Qc7 7.
Qd2 b5 {Nå begynner jeg å bli skeptisk til å rokere langt - her burde det
begynne å ringe noen bjeller. Kanskje wr planen med lang rokade helt OK} 8. f4
Bb7 9. Bd3 Bb4 10. a3 Ba5 $2 {
Egentlig en feil, men det visste ingen av oss der og da...} 11. Nb3 {Og hva gjø
r man når motstanderen gjør en feil? Jo, man svarer med en feil for å
gjenopprette balansen. Aner vi en Nobelpris i det fjerne?} (11. b4 $1 Bb6 12.
Ndxb5 axb5 13. Nxb5 Qd8 14. Nd6+ Ke7 15. Nxb7 Bxe3 16. Qxe3 Qc7 17. Nc5 Nxb4
18. O-O) 11... b4 12. axb4 (12. Na4 bxa3 13. Nxa5 Qxa5 14. Qxa5 Nxa5 15. Rxa3 {
Selv om stillingen materielt sett er li, gir Frttz 11 en klar fordel for hvit})
12... Bxb4 13. Bc5 {Litt slapt, men "it seemed like a good idea at the time"}
Nge7 14. O-O {Nå står det i hvert fall ingen springer på d4, så hvits dronning
blir ikke lokket til det feltet med det første. Så da er vel alt bare fryd og
gammen?} Bxc5+ 15. Nxc5 O-O 16. Nxb7 Qxb7 17. e5 Rfd8 ({
Selvfølgelig ser vi begge} 17... Qxb2 $4 18. Rfb1) 18. b3 d5 {
Her er det mulig at svart glemmer en passant-regelen et lite øyeblikk...} 19.
exd6 (19. exd6 {[%emt 0:31:33]}) 19... Nc8 20. Ne4 Kh8 {
En mann som etter eget utsagn har svart belte i pappvin faller ikke for} (20...
Nxd6 21. Nxd6 Rxd6 22. Bxh7+ Kxh7 23. Qxd6) 21. Qe2 $2 {Gir tilbake bonden på
d6 i bytte for den på a6 - det hele er imidlertid basert på et synsbedrag, noe
som svart enkelt gjennomskuer} Nxd6 22. Nxd6 Rxd6 23. Rxa6 $4 Rxa6 24. Bxa6
Qb6+ 25. Kh1 Nd4 $1 {Der kom finessen jeg hadde oversett! Med bare en bonde
mot springer er det en fornærmelse mot svart å ikke gi opp med en gang, men
jeg var vel i det damene ville kalt ammetåke...} 26. Qc4 Qxa6 27. Qxa6 Rxa6 28.
Rd1 g6 {"Ha ha - bare ta tilbake offiseren du!" Blir ikke svart matt på
sisteraden, så blir hvit det. Og nå er det bare å forberede en dobbelt revansj
i klubbmesterskapet.} 0-1

[Event "Høstturneringen 2010"]
[Site "Ås, Akershus NOR"]
[Date "2010.09.20"]
[Round "2"]
[White "Weberg, Øivind"]
[Black "Furnes, Torstein"]
[Result "0-1"]
[WhiteElo "1416"]
[BlackElo "1551"]
[Annotator "Furnes,Torstein"]
[PlyCount "102"]

{De siste årene har det nærmest blitt en regel at jeg har svart i langpartiene
mine mot Øivind. Siden årtusenskiftet har vi spilt 13 partier med full
betenkningstid, og i hele 11 av disse har jeg hatt de svarte brikkene. Jeg har
regnet ut at sannsynligheten for å få minst 11 svartpartier av 13 totalt er ca.
1.123 %} 1. e4 c5 2. Nf3 Nc6 3. d4 cxd4 4. Nxd4 e5 5. Nb5 d6 6. Bg5 $5 {
En interessant variant som jeg ikke møter så ofte, men Øivind spilte det samme
mot meg i høstturneringen 2004. Trekket er ikke med i åpningsbiblioteket til
Fritz 10, men analysemotoren vurderer det som nesten like godt somhovedvariante
ne etter å ha regnet på stillingen i noen minutter. I den store online
partidatabasen 365Chess.com er trekket spilt 18 ganger.} f6 ({
Førstevalget til Fritz er} 6... Qxg5 7. Nc7+ Kd8 8. Nxa8 Bg4 {
med en liten hvit fordel.}) (6... Nf6 7. Bxf6 gxf6 {
likte jeg ikke pga dårlig bondestruktur på kongefløyen.}) 7. Be3 Be6 8. N1c3 a6
9. Na3 Nge7 $6 {Fritz liker ikke dette trekket, og vurderer hvits fordel nå
til å være nesten 2, selv om stillingen er materielt lik. Førstevalget til
Fritz er b5.} 10. Bc4 Qd7 11. Bxe6 {Fritz vil heller spille} (11. Nd5 Bxd5 12.
exd5 Nd8 {med fortsatt hvit fordel på ca. 2.}) 11... Qxe6 12. Nd5 Rc8 13. Nc4
$6 {Etter dette trekket forsvinner hele hvits fordel, og stillingen vurderes
nå som helt lik av Fritz. Førstevalget til Fritz var} (13. O-O f5 14. f3 Qg6 {
med hvit fordel.}) 13... Nd4 $1 14. b3 (14. Bxd4 $2 {er dårlig pga} exd4 15.
Ndb6 (15. Qxd4 $4 Nxd5 16. Qxd5 Qxd5 17. exd5 Rxc4) 15... Qxe4+) (14. Ndb6 Rxc4
15. c3 (15. Nxc4 Qxc4 16. Bxd4 exd4 $19) 15... Ndc6 16. Qd3 Rc5 17. Bxc5 dxc5 {
er best for svart ifølge Fritz.}) 14... Nxd5 15. Bxd4 $2 {En feil som ifølge
Fritz utgjør vendepunktet i partiet, fra hvit til svart fordel. Hvit måtte
forsøkt} (15. exd5 Qxd5 16. O-O) 15... exd4 $6 {Finner ikke den sterkeste
fortsettelsen. Jeg spilte teksttrekket raskt fordi jeg trodde jeg vant offiser
siden e-bonden er bundet og ikke kan slå igjen springeren. Jeg skulle selvsagt
spilt:} (15... Nf4 16. Bb2 (16. Qf3 exd4 17. Qxf4 d5 18. Nd2 Bd6 $19) 16...
Nxg2+) 16. Qh5+ Qf7 17. Qxd5 Qxd5 18. exd5 b5 19. Na3 Rc5 20. Kd2 (20. Rd1)
20... Rxd5 21. Rae1+ Re5 22. Kd3 d5 23. Nb1 Bc5 24. f4 $6 {Med remisforslag.}
Re3+ 25. Rxe3+ {Dermed blir den isolerte dobbeltbonden forvandlet til en
gardert og langt fremskutt fribonde. Alternativet å gå med kongen til d2 gir
hvit en veldig passiv stilling.} (25. Kd2 b4) 25... dxe3 26. Nc3 d4 27. Ne2 Kf7
28. Nxd4 Rd8 29. c3 b4 30. Kc4 Bb6 31. Kxb4 Bxd4 32. cxd4 Rxd4+ 33. Kc3 Rxf4
34. Kd3 {Fritz mener det beste for hvit er} (34. Re1 Rf2 35. Rxe3 Rxg2 36. Rh3
Rxa2 37. Rxh7) 34... Rf2 35. a4 {Fritz vil heller spille Kxe3 eller g3.} Rxg2
36. Re1 $6 {Fritz vil spille b4 eller Kxe3.} Rxh2 37. Rxe3 a5 $6 {
Kanskje unødvendig. Det enkleste er å begynne å gå med g-bonden.} 38. Kc4 Rh5
39. Rd3 Ke6 40. Rd8 {Muligens tempotap.} (40. b4 Rh4+ 41. Kb5 Rxb4+ 42. Kxa5
Rb8) 40... g5 41. Rd3 g4 42. b4 axb4 43. Kxb4 Rg5 44. a5 g3 45. Rd1 g2 46. Rg1
h5 47. a6 Rg7 48. Kb5 h4 49. Kb6 h3 50. a7 Rxa7 51. Kxa7 h2 {
Svart får dronning og setter matt i max 15 trekk, ifølge sluttspilldatabase.}
0-1

[Event "Høstturneringen 2010"]
[Site "Ås, Akershus NOR"]
[Date "2010.09.26"]
[Round "3"]
[White "Lange, Holger"]
[Black "Lea, Per"]
[Result "0-1"]
[WhiteElo "1660"]
[BlackElo "1569"]
[Annotator "Lea,Per"]
[PlyCount "122"]
[EventDate "2010.09.02"]

{Etter en noe uventet seier mot ett blad Lange, regnet jeg med å bli straffet
av faderen i huset. Ikke har jeg spesielt avskrekkende score mot ham i
tidligere møter heller; ett enslig vinstparti hvis ikke hukommelsen svikter
helt.} 1. d4 d5 2. c4 e6 {Albins motgambit har jeg ofte benyttet her, men mot
spillere over en viss spillestyrke er det rett og slett ikke godt nok. Det er
ikke bestandig hvit er like imøtekommende som i NN-Lea, spilt på FICS, 2006:} (
2... e5 3. dxe5 d4 4. e3 Bb4+ 5. Bd2 dxe3 6. Bxb4 $4 exf2+ 7. Ke2 fxg1=N+ $3 {
Nemlig! Her er det viktig å kunne gå inn med sjakk! Dermed rekker ikke hvit å
bytte dronninger,og} 8. Rxg1 (8. Ke1 Qh4+ 9. Kd2 {
vinner i massevis. Hvit ga opp i stedet for å gjøre sitt 8. trekk.}) 8... Bg4+
{taper dronning og partiet.}) 3. Nc3 Nf6 4. Bg5 Be7 5. e3 c6 6. Nf3 O-O 7. Bd3
dxc4 8. Bxc4 Nbd7 9. O-O Nd5 10. Bxe7 Qxe7 11. Rc1 Nxc3 {Etter noen
ninger er vi nok inne i Capablanca-varianten, en variant jeg forsåvidt føler
meg relativt fortrolig med etter å ha investert ca. 7 kroner på en sovjetisk
bok om dronninggambit på Universitetsbokhandelen (nå: Akademika) på
1970-tallet. Beklageligvis står ikke investeringen i stil med utbyttet: mine
negative opplevevelser ble kronet med at jeg plumpet rett inn i en kjent - for
alle andre - felle (Stake-Larsen - Lea, Østlandsserien, 1. divisjon 10/3-2007):
} 12. bxc3 {Før dette trekket var vi etter noen trekkomkastninger inne i
Capablanca-varianten, en variant jeg forsåvidt føler meg relativt fortrolig
med etter å ha investert ca. 7 kroner på en sovjetisk bok om dronninggambit på
Universitetsbokhandelen (nå: Akademika) på 1970-tallet. Beklageligvis står
ikke investeringen i stil med utbyttet: mine negative opplevevelser ble kronet
med at jeg plumpet rett inn i en kjent - for alle andre - felle (Stake-Larsen
- Lea, Østlandsserien, 1. divisjon 10/3-2007):} (12. Rxc3 e5 13. dxe5 Nxe5 14.
Nxe5 Qxe5 15. f4 Qe7 16. f5 Rd8 17. f6 Rxd1 $4 18. fxe7 Rxf1+ 19. Bxf1 $1 ({
Selvfølgelig! Her hadde jeg bare sett:} 19. Kxf1 Be6 20. Rd3 $4 Bxc4) 19... Bf5
(19... Be6 20. Rd3) 20. e4 Bxe4 21. Re3) 12... e5 13. Nd2 Nf6 14. Re1 Qc7 15.
Bd3 Be6 16. c4 {Virker intuitivt sterkt, men mange vil mene at} (16. Qc2 exd4
17. exd4 Rae8 18. Nf3 g6 19. c4 Bg4 20. Ne5 c5 {er bedre for hvit}) 16... Rad8
17. d5 Bg4 18. f3 Bh5 19. e4 Nd7 20. Nb3 Bg6 21. Qe2 c5 22. g4 {
Kanskje fristende, men en bondestorm er nok en smule prematurt her. Hva med} (
22. Qe3 Rc8 23. Rb1 Nf6 24. Nc1 Ne8 25. Ne2 Nd6 26. Nc3 (26. Ng3)) 22... h5 23.
h3 b6 24. Qf2 Qd6 25. Nd2 Qf6 26. Nf1 hxg4 27. hxg4 Qg5 28. Ng3 f6 29. Kg2 Kf7
30. Rh1 Rh8 31. Rcf1 Ke7 $2 (31... a6 32. Qe2 Ra8 33. Bc2 Rxh1 34. Rxh1 b5 35.
a4 b4 36. a5 Nf8) 32. Qc2 Rxh1 33. Rxh1 Nb8 34. Qa4 a6 35. Qb3 Qd2+ 36. Be2 Qa5
37. Rb1 Nd7 38. Rh1 Rb8 39. Rb1 Rh8 40. Rd1 Kd6 41. Qb2 Rh7 {Her sliter jeg
visst med å finne en plan - og ikke skjønner jeg hva som ligger bak dette
trekket. Heldigvis klarer ikke hvit å utnytte det} 42. Kf1 (42. Rd3 {
er trekket her!} Qb4 43. Qc1 Nb8 44. Rb3 Qa5 45. f4 Nd7 46. Ra3 Qb4 47. Rxa6)
42... Rh3 43. Kg2 Rh7 $2 {Inviterer til remis ved trekkgjentagelse, men gir
hvit muligheten til å gripe muligheten ved samme trekk som i trekk 42} 44. Nf1
$2 Rh8 45. Nd2 Rb8 46. Rb1 Be8 47. Nb3 Qa4 48. Nd2 {
Er det hvit som inviterer til trekkgjentakelse?} Nf8 49. Bd1 Qd7 50. a4 Ng6 51.
Qa3 Nf4+ {Nå begynner pendelen å svinge i retning av svart} 52. Kg3 $2 {
Kanskje ikke helt opplagt, men det spørs vel om ikke monarken burde trukket
seg tilbake til g1 i stedet.} g6 53. Kf2 $4 (53. Bc2) (53. Qe3) (53. Qc3) (53.
Nf1 {er alle brukbare alternativer. Men svart står uansett best nå}) 53... Qh7
{Har man en åpen linje, så har man en åpen linje. Begge løperne står og
sperrer for sine respektive tårn, så da får madam'en gripe den åpne linja i
stedet} 54. Nf1 (54. Ke3 {er et bedre alternativ for å slippe unna med kongen})
54... Qh4+ 55. Kg1 (55. Ng3 Qh2+ 56. Ke3 Qxg3 {
er heller ikke spesielt fristende}) 55... Nh3+ 56. Kg2 Qf2+ 57. Kxh3 Qxf1+ 58.
Kg3 Qg1+ 59. Kh3 Bd7 $2 {
Tillater hvit å utsette matten noen trekk. Mer korrekt (og mer direkte) er} (
59... Bc6) (59... Bb5) 60. Rxb6+ Rxb6 61. Qa2 Qxd1 0-1

[Event "Høstturneringen 2010"]
[Site "Ås, Akershus NOR"]
[Date "2010.09.23"]
[Round "3"]
[White "Furnes, Torstein"]
[Black "Thowsen, Alf Geir"]
[Result "1-0"]
[WhiteElo "1551"]
[BlackElo "1172"]
[Annotator "Furnes,Torstein"]
[PlyCount "49"]

1. d4 d5 2. c4 c6 3. e3 Nf6 4. Nf3 e6 5. Bd3 Nbd7 6. O-O Be7 7. Nc3 O-O 8. Re1
Qc7 9. cxd5 exd5 10. Qc2 Bd6 11. e4 $6 dxe4 12. Nxe4 Nxe4 13. Rxe4 Nf6 14. Rh4
h6 $6 {Tillater en kombinasjon. Nødvendig var} (14... g6) 15. Bf5 $2 {
Overser kombinasjonen. Fritz 10 ser raskt at følgende klassiske løperoffer
ville gitt hvit klar fordel:} (15. Bxh6 $3 gxh6 {Svart er ikke tvunget til å
ta imot offeret, men det er den beste muligheten ifølge Fritz. F.eks.} (15...
Re8 16. Bg5 $18) (15... Qd8 16. Qd2 $18) 16. Qd2 Ng4 {Svart kan velge å gi
tilbake offiseren med Lf4, men kongestillingen er utrygg. F.eks.} (16... Bf4
17. Rxf4 Nd5 18. Rf6 $3 Nxf6 19. Qxh6 Ne4 20. Ng5 Bf5 21. Bxe4 Bxe4 22. Nxe4 f5
23. Nf6+ Rxf6 24. Qxf6 $18) 17. Rxg4+ $1 Bxg4 18. Qxh6 f6 19. Bc4+ Rf7 20. Qg6+
Kf8 21. Qxg4 {og hvits fordel er verdt over 3 poeng ifølge Fritz.}) 15... Bxf5
16. Qxf5 Qd7 17. Qc2 Rfe8 18. Be3 Re7 19. Qc1 Ng4 20. Bd2 Re2 21. h3 Nxf2 22.
Bxh6 {Så fikk jeg ofret løperen på h6 likevel.} Qf5 $6 {
Fritz foreslår følgende hovedvariant:} (22... Be7 23. Qc4 Qe6 24. Qxe6 fxe6 25.
Bg5 $17) (22... gxh6 $4 23. Qxh6 f6 24. Qh8+ Kf7 25. Qxa8 $18) 23. Bxg7 Qg6 (
23... Kxg7 $4 24. Qh6+ Kg8 25. Qh8#) 24. Qf1 {
Svart truet Sxh3+ fulgt av Dxg2 matt.} Qc2 $2 {
Taper straks. Noen mulige fortsettelser kunne vært} (24... Rae8 25. Ne5 Bxe5
26. Bxe5 R8xe5 27. dxe5 Rxb2 $16) (24... Rxb2 25. Be5 Bxe5 26. Nxe5 Qf6 27. g3
$16) 25. Bf6 {Mattrusselen Th8# kan bare hindres ved å ofre dronningen på h7.}
1-0

[Event "Høstturneringen 2010"]
[Site "Ås, Akershus NOR"]
[Date "2010.10.07"]
[Round "4"]
[White "Simonsen, Steinar"]
[Black "Lea, Per"]
[Result "1/2-1/2"]
[WhiteElo "1260"]
[BlackElo "1569"]
[Annotator "Lea,Per"]
[PlyCount "41"]
[EventDate "2010.09.02"]

1. c4 {Tatt på senga allerede her! Jeg hadde ventet spansk som i de fleste av
våre partier med meg bak de svarte spakene, men jeg skjønner jo godt at han
vil unngå varianten fra flere av våre lynpartier: [%emt 0:00:00]} (1. e4 e5 2.
Nf3 Nc6 3. Bb5 a6 4. Ba4 Nf6 5. O-O Be7 6. Re1 b5 7. Bb3 O-O 8. d4 {Bedre gikk
det ikke i Klubbmesterskapet i Ås sjakklubb, 1996, jeg husker ikke om det var
Øyvind eller jeg som koste oss mest...:} (8. c3 d5 9. exd5 Nxd5 10. Nxe5 Nxe5
11. Rxe5 Nf6 12. d4 Bd6 13. Re1 Ng4 14. h3 Qh4 15. Qf3 Nxf2 16. Qxa8 $4 Nxh3+
17. gxh3 Qxe1+ 18. Kg2 Qg3+ {Hvit ga opp. Ingen vil like å spille hvit etter}
19. Kf1 Bxh3+ 20. Ke2 Rxa8) 8... exd4 9. Nxd4 Nxd4 10. Qxd4 c5 {
og løperen er fanget i neste trekk}) 1... Nf6 2. Nc3 e6 {Jeg hadde vel
egentlig tenkt å spille kongeindisk, men hvorfor jeg ombestemte meg, kan jeg
ikke svare på nå. Kanskje ble jeg litt forvirret av hvits førstetrekk?} 3. d4
d5 4. cxd5 {Et avbytte som stadig blir mer populært, enten det skjer her eller
noen trekk seinere. André Bjerke skrev en artikkel i VG om et parti mot
Steinar Lindblom hvor han slo på d4 allerede i trekk 3. Jeg begynner å skjønne
hvits forkjærlighet for dette avbyttet, jeg kan bokføre flere tap i denne
varianten, både i nærsjakk og fjernsjakk. Antall vinstpartier er 0, når vi ser
bort fra et fjernsjakkparti (eller postsjakk som det het da partiet ble spilt)
hvor motstanderen tapte på tid fordi han sluttet å svare.} exd5 5. Nf3 Be7 6.
e3 Bf5 7. Bd3 Bxd3 8. Qxd3 c6 9. O-O O-O 10. Re1 Re8 11. Rb1 Nbd7 12. b4 {
Her skulle jeg nesten tro at Steinar hadde studert mine tapspartier i denne
varianten. Jeg tror poenget i de fleste av dem var nettopp dette ekle angrepet,
selv om det i de styggeste tilfellene ble kombinert med at ikke bare madam'en,
men også hvitfeltløperen pekte mot h7. Mitt eneste sprell i denne varianten
var vel den gangen jeg i følge Hans Olav Lahlums 30-siders runderapport fra
Østlandsseriens 1. divisjon fikk Silje Bjerke til å rødme som en tomat. Men
selv om hun overså en fiks vending fra undertegnede, bukket jeg selvsagt
tilbake. Man er da en gentleman.} Ne4 13. b5 ({Konsekvent.} 13. Nxe4 dxe4 14.
Qxe4 Bxb4 {går jo ikke. Hadde hvit hatt løperen i bakhånd på c2, hadde det
vært en annen sak}) 13... Rb8 14. bxc6 bxc6 {Jeg liker ikke den etterhengende
bonden på c6, men hva skulle jeg gjøre? Mot bondeframstøtet i b-linja har jeg
vel egentlig bare valget mellom å få en svak bonde på c6 som her, eller på d5}
15. Rxb8 Qxb8 16. Nd2 Nxc3 17. Qxc3 c5 18. dxc5 Nxc5 19. Qd4 Rd8 20. Nf3 Ne6 (
20... Ne4 21. Nd2 (21. Qa4 Bb4 22. Rf1 Rc8) 21... Bf6 22. Qd3 Qb4 {gir kanskje
noe mer aktivt spill, men jeg ser ikke noen konkret plan som er verd å
utforske.}) 21. Qd3 {Med remistilbud, som ble akseptert. Ingen store
svingninger i løpet av partiet, fasiten er vel at jeg sitter igjen med en svak
bonde på d5. Kanskje går det an å skyve den fram til d4 for å byttes av på et
passende tidspunkt. Hvit kan neppe unngå å bytte ved å gå forbi med e-bonden,
da d-bonden plutselig er en fribonde. MEN HVORFOR SPILTE DU IKKE SPANSK MOT
MEG, STEINAR?} 1/2-1/2

[Event "Høstturneringen 2010"]
[Site "Ås, Akershus NOR"]
[Date "2010.09.30"]
[Round "4"]
[White "Hovland, Arne"]
[Black "Furnes, Torstein"]
[Result "1-0"]
[WhiteElo "1574"]
[BlackElo "1551"]
[PlyCount "91"]
[EventDate "2010.09.02"]

1. d4 d5 2. c4 e6 3. Nc3 Nf6 4. Nf3 Be7 5. Bf4 c6 6. e3 O-O 7. Bd3 dxc4 8. Bxc4
b5 9. Bb3 b4 10. Ne2 c5 11. O-O Bb7 12. Ne5 Nbd7 13. Rc1 cxd4 14. exd4 Nd5 15.
Bg3 N7f6 16. Nc6 Qd7 17. Nxe7+ Qxe7 18. Qd3 Rfc8 19. Bh4 a5 20. Rfe1 a4 21.
Bxd5 Bxd5 22. b3 axb3 23. axb3 Qb7 24. Bxf6 gxf6 25. Nf4 Rxc1 26. Rxc1 Be4 27.
Qg3+ Kh8 28. Qh4 Qe7 29. Nh5 Bg6 30. Nxf6 Qd8 31. Qf4 Ra5 32. d5 exd5 33. Qd4
Ra6 34. Ng4+ Kg8 35. Nh6+ Kf8 36. Qxb4+ Kg7 37. Ng4 Qg5 38. Qd4+ f6 39. Rc7+
Bf7 40. Ne3 Ra2 41. h4 Qg6 42. Qf4 Ra1+ 43. Kh2 Rb1 44. Nf5+ Kh8 45. Rc8+ Be8
46. Qh6 1-0